<?xml version="1.0" encoding="UTF-8"?>
<collection xmlns="http://www.loc.gov/MARC21/slim">
 <record>
  <leader>01052nam a22002175a 4500</leader>
  <controlfield tag="001">MAT.inmabb006708</controlfield>
  <controlfield tag="008">120829s1981####ag#######b####000#0#spa#d</controlfield>
  <controlfield tag="005">20130219114722.0</controlfield>
  <datafield tag="245" ind1="1" ind2="0">
   <subfield code="a">Introducción a las inecuaciones variacionales elípticas y sus aplicaciones a problemas de frontera libre /</subfield>
   <subfield code="c">Domingo Alberto Tarzia.</subfield>
  </datafield>
  <datafield tag="260" ind1=" " ind2=" ">
   <subfield code="a">Buenos Aires :</subfield>
   <subfield code="b">Consejo Nacional de Investigaciones Científicas y Técnicas,</subfield>
   <subfield code="c">1981.</subfield>
  </datafield>
  <datafield tag="300" ind1=" " ind2=" ">
   <subfield code="a">208 p. ;</subfield>
   <subfield code="c">23 cm.</subfield>
  </datafield>
  <datafield tag="490" ind1="1" ind2=" ">
   <subfield code="a">[Publicaciones] / Centro Latinoamericano de Matemática e Informática ;</subfield>
   <subfield code="v">5</subfield>
  </datafield>
  <datafield tag="500" ind1=" " ind2=" ">
   <subfield code="a">&quot;CLAMI, Centro Latinoamericano de Matemática e Informática&quot;--Cubierta.</subfield>
  </datafield>
  <datafield tag="504" ind1=" " ind2=" ">
   <subfield code="a">Incluye referencias bibliográficas (p. 199-206).</subfield>
  </datafield>
  <datafield tag="510" ind1="4" ind2=" ">
   <subfield code="a">MR,</subfield>
   <subfield code="c">MR0982931</subfield>
  </datafield>
  <datafield tag="100" ind1="1" ind2=" ">
   <subfield code="a">Tarzia, Domingo Alberto.</subfield>
  </datafield>
  <datafield tag="710" ind1="2" ind2=" ">
   <subfield code="a">Centro Latinoamericano de Matemática e Informática.</subfield>
  </datafield>
  <datafield tag="830" ind1=" " ind2="0">
   <subfield code="a">Publicaciones (Centro Latinoamericano de Matemática e Informática) ;</subfield>
   <subfield code="v">5</subfield>
  </datafield>
  <datafield tag="084" ind1=" " ind2=" ">
   <subfield code="a">35K85 (35R35 49J40)</subfield>
   <subfield code="2">msc2000</subfield>
  </datafield>
  <datafield tag="859" ind1=" " ind2=" ">
   <subfield code="h">35</subfield>
   <subfield code="i">T196</subfield>
   <subfield code="p">A-5608</subfield>
   <subfield code="b">BIB. MATEMATICA</subfield>
  </datafield>
  <datafield tag="859" ind1=" " ind2=" ">
   <subfield code="h">35</subfield>
   <subfield code="i">T196</subfield>
   <subfield code="p">A-5729</subfield>
   <subfield code="t">Ej. 2</subfield>
   <subfield code="b">BIB. MATEMATICA</subfield>
  </datafield>
 </record>
</collection>
